Forma, obsah a náležitosti colného vyhlásenia Jednotná colná deklarácia
Úplné znenie vyhlášky Ministerstva financií Slovenskej republiky č.82/1993 Z.z. o forme, obsahu a náležitostiach colného vyhlásenia a o spôsobe vedenia colnej štatistiky v znení vyhlášky MF SR č. 328/1993 Z.z. a vyhlášky MF SR č.218/1994 Z.z., s výkladom.
Uložené v:
| Médium: | Kapitola |
|---|---|
| Jazyk: | Slovak |
| Predmet: | |
| Tagy: |
Žiadne tagy, Buďte prvý, kto otaguje tento záznam!
|
MARC
| LEADER | 00000naa a2200000 4500 | ||
|---|---|---|---|
| 001 | r016521 | ||
| 005 | 20221213095502.4 | ||
| 041 | 0 | |a slo | |
| 044 | |a SK | ||
| 245 | 1 | 0 | |a Forma, obsah a náležitosti colného vyhlásenia |b Jednotná colná deklarácia |
| 520 | |a Úplné znenie vyhlášky Ministerstva financií Slovenskej republiky č.82/1993 Z.z. o forme, obsahu a náležitostiach colného vyhlásenia a o spôsobe vedenia colnej štatistiky v znení vyhlášky MF SR č. 328/1993 Z.z. a vyhlášky MF SR č.218/1994 Z.z., s výkladom. | ||
| 610 | 2 | 0 | |a vyhlášky |
| 610 | 2 | 0 | |a komentáre |
| 610 | 2 | 0 | |a MF SR Bratislava |
| 610 | 2 | 0 | |a 1994 |
| 610 | 2 | 0 | |a clá |
| 610 | 2 | 0 | |a predpisy colné |
| 610 | 2 | 0 | |a štatistika |
| 610 | 2 | 0 | |a výkazníctvo štatistické |